Contraintes liées à la mise en oeuvre des annexes V et VI de la convention Marpol 73/78 pour la prévention de la pollution par les navires (Record no. 46614)
[ view plain ]
| 000 -LEADER | |
|---|---|
| fixed length control field | 00616nam a22001817a 4500 |
| 003 - CONTROL NUMBER IDENTIFIER | |
| control field | 0 |
| 005 - DATE AND TIME OF LATEST TRANSACTION | |
| control field | 20160609165232.0 |
| 008 - FIXED-LENGTH DATA ELEMENTS--GENERAL INFORMATION | |
| fixed length control field | 091207t xxu||||| |||| 00| 0 eng d |
| 037 ## - SOURCE OF ACQUISITION | |
| Stock number | M15363 |
| Source of stock number/acquisition | BIBLIO-EPAC |
| 040 ## - SOURCE DU CATALOGAGE | |
| Original cataloging agency | UAC/EPAC |
| Language of cataloging | F |
| Transcribing agency | BIBLIO EPAC |
| 082 ## - DEWEY DECIMAL CLASSIFICATION NUMBER | |
| Classification number | 27.APE/AGB R. |
| 100 ## - VEDETTE PRINCIPALE - NOM DE PERSONNE | |
| Personal name | Ralph A. H. AGBZAGAN |
| 9 (RLIN) | 2428 |
| 245 ## - TITLE STATEMENT | |
| Title | Contraintes liées à la mise en oeuvre des annexes V et VI de la convention Marpol 73/78 pour la prévention de la pollution par les navires |
| 260 ## - PUBLICATION, DISTRIBUTION, ETC. (IMPRINT) | |
| Place of publication, distribution, etc | EPAC |
| Name of publisher, distributor, etc | BIBLIO EPAC |
| Date of publication, distribution, etc | 2007-2008 |
| 300 ## - PHYSICAL DESCRIPTION | |
| Extent | I- 38p |
| Dimensions | 29cm |
| 650 ## - SUBJECT ADDED ENTRY--TOPICAL TERM | |
| Topical term or geographic name as entry element | AMENAGEMENT PROTECTION ENVIRONNEMENT |
| 9 (RLIN) | 2429 |
| 942 ## - ADDED ENTRY ELEMENTS (KOHA) | |
| Koha item type | Thèse et Memoire |
| Withdrawn status | Lost status | Damaged status | Not for loan | Location (home branch) | Sublocation or collection (holding branch) | Date acquired | Source of acquisition | Koha issues (times borrowed) | Koha full call number | Piece designation (barcode) | Koha date last seen | Copy number | Koha item type | Public note | Price effective from |
|---|---|---|---|---|---|---|---|---|---|---|---|---|---|---|---|
| Bibliothèque Ecole Polytechnique d'Abomey-Calavi | Bibliothèque Ecole Polytechnique d'Abomey-Calavi | 07/12/2009 | Don | 27.APE/AGB R. | M15363EPAC | 07/12/2009 | 3 | Thèse et Memoire | 3 Exemplaires dont un exclu du prêt | ||||||
| Bibliothèque Ecole Polytechnique d'Abomey-Calavi | Bibliothèque Ecole Polytechnique d'Abomey-Calavi | 23/02/2011 | Don | 27.APE/AGB | R16762EPAC | 23/02/2011 | 2 | Thèse et Memoire | Prêt à domicile | 23/02/2011 | |||||
| Bibliothèque Ecole Polytechnique d'Abomey-Calavi | Bibliothèque Ecole Polytechnique d'Abomey-Calavi | 23/02/2011 | Don | 27.APE/AGB | R16763EPAC | 23/02/2011 | 1 | Thèse et Memoire | Prêt à domicile | 23/02/2011 |